North American countries that have been to the FIFA World Cup - Statistics

General Stats
  • This quiz has been taken 538 times
    417 since last reset
  • The average score is 10 of 11
Answer Stats
Answer % Correct
United States Of America
99%
Canada
97%
Mexico
97%
Costa Rica
89%
Panama
89%
Jamaica
87%
Honduras
86%
Cuba
84%
El Salvador
76%
Haiti
75%
Trinidad and Tobago
71%
No matching quizzes found
Score Distribution
Percent of People with Each Score
Percentile by Number Answered
Your Score History
You have not taken this quiz since the last reset